Online
Catalog

Discurso del rector Fernando Sánchez Martínez. (Record no. 30409)

MARC details
000 -CABECERA
campo de control de longitud fija 00745nam a2200217 a 4500
001 - NÚMERO DE CONTROL
campo de control 000030917
003 - IDENTIFICADOR DEL NÚMERO DE CONTROL
campo de control DO-SdBNP
005 - FECHA Y HORA DE LA ÚLTIMA TRANSACCIÓN
campo de control 20250922132930.0
007 - CAMPO FIJO DE DESCRIPCIÓN FÍSICA--INFORMACIÓN GENERAL
campo de control de longitud fija ta
008 - DATOS DE LONGITUD FIJA--INFORMACIÓN GENERAL
campo de control de longitud fija 110606s1984 dr 000 0 spa d
040 ## - FUENTE DE LA CATALOGACIÓN
Centro catalogador/agencia de origen DO-SdBNP
Lengua de catalogación spa
Centro/agencia transcriptor BNPHU
082 #4 - NÚMERO DE LA CLASIFICACIÓN DECIMAL DEWEY
Número de edición 22
111 2# - ENTRADA PRINCIPAL--NOMBRE DE CONGRESO/REUNIÓN
Nombre de congreso/reunión o jurisdicción como elemento de entrada Congreso internacional de ALFAL
Fecha del congreso/reunión (1984:
Sede del congreso/Lugar de la reunión Santo Domingo
Número del congreso/reunión o número de parte o sección 21 septiembre )
9 (RLIN) 57436
245 10 - MENCIÓN DE TÍTULO
Título Discurso del rector Fernando Sánchez Martínez.
260 ## - PUBLICACIÓN, DISTRIBUCIÓN, ETC.
Lugar de publicación, distribución, etc. Santo Domingo :
Nombre del editor, distribuidor, etc. Universidad Autónoma de Santo,
Fecha de publicación, distribución, etc. [1984.].
300 ## - DESCRIPCIÓN FÍSICA
Extensión 10 p. ;
Dimensiones 22 cm.
490 1# - MENCIÓN DE SERIE
Mención de serie Publicaciones de la Universidad Autónoma de Santo Domingo
Designación de volumen o secuencia 341
490 1# - MENCIÓN DE SERIE
Mención de serie Discursos
Designación de volumen o secuencia 4
830 #0 - PUNTO DE ACCESO ADICIONAL DE SERIE-TÍTULO UNIFORME
Título uniforme Pubicaciones de la Universidad Autónoma de Santo
Designación de volumen o secuencia 341
9 (RLIN) 57434
Nombre de parte o sección de la obra Discursos
Número de parte o sección de la obra 4
942 ## - ELEMENTOS DE PUNTO DE ACCESO ADICIONAL (KOHA)
Fuente del sistema de clasificación o colocación Dewey Decimal Classification
Tipo de ítem Koha Libro
Holdings
Estado de retiro Estado de pérdida Fuente del sistema de clasificación o colocación Restricciones de uso No para préstamo Código de colección Localización permanente Ubicación/localización actual Ubicación en estantería Fecha de adquisición Signatura topográfica completa Código de barras Fecha visto por última vez Precio válido a partir de Tipo de ítem Koha Número de copia
    Dewey Decimal Classification Excluido de préstamo   Patrimonio Dominicano Biblioteca Nacional Pedro Henríquez Ureña Biblioteca Nacional Pedro Henríquez Ureña En catalogación 06.06.2011 30917-10 25.06.2020 25.06.2020 Libro  
    Dewey Decimal Classification Excluido de préstamo   Patrimonio Dominicano Biblioteca Nacional Pedro Henríquez Ureña Biblioteca Nacional Pedro Henríquez Ureña En catalogación 06.06.2011 30917-20 25.06.2020 25.06.2020 Libro e. 2

Powered by Koha